Introducción a la ingeniería espacial /

Contiene: 1) Los satélites; 2) Los sistemas satelitales; 3) El tiempo y el espacio; 4) El medio ambiente espacial; 5) Los cuerpos en el espacio 1; 6) Los cuerpos en el espacio 2; 7) Los sistemas de control-sensores y actuadores; 8) La propulsión; 9) El control térmico; 10) La comunicación satelital;...

Deskribapen osoa

Gorde:
Xehetasun bibliografikoak
Egile nagusia: Portnoy, Daniel (autor)
Formatua: Liburua
Hizkuntza:gaztelania
Argitaratua: Bogotá, Colombia : Alpha, 2024, c2024
Gaiak:
Etiketak: Etiketa erantsi
Etiketarik gabe, Izan zaitez lehena erregistro honi etiketa jartzen!

MARC

LEADER 00000nam^a2200000^a^4500
001 000624789
005 20251125000000.0
009 20260310134003.224
020 |a 978-958-778-879-2 
037 |a Acervo ITESO - Biblioteca 
041 |a ESP 
082 |a 629. 4  |b POR 
100 |a Portnoy, Daniel  |e (autor) 
245 1 0 |a Introducción a la ingeniería espacial /  |c D. Portnoy, J.E. Espíndola Díaz. 
264 4 |a Bogotá, Colombia :  |b Alpha,  |c 2024, c2024 
300 |a XXVI, 223 p. 
336 |a texto  |b txt  |2 rdacontenido 
337 |a sin mediación  |b n  |2 rdamedio 
338 |a volumen  |b nc  |2 rdasoporte 
520 |a Contiene: 1) Los satélites; 2) Los sistemas satelitales; 3) El tiempo y el espacio; 4) El medio ambiente espacial; 5) Los cuerpos en el espacio 1; 6) Los cuerpos en el espacio 2; 7) Los sistemas de control-sensores y actuadores; 8) La propulsión; 9) El control térmico; 10) La comunicación satelital; 11) Las estaciones terrenas. 
521 |a Librerías 2025 Gonvill 
649 |a XX 
650 |a Satélites 
650 |a Cuerpos Celestes 
650 |a Vuelo Espacial 
650 |a Navegación Espacial 
650 |a Astronomía 
650 |a Astrofísica 
650 |a Astronáutica 
650 |a Ingeniería Aeroespacial -  |x Tema Principal 
650 |a Ciencias Espaciales -  |x Tema Principal 
910 |a Fondo General 
920 |a Impresos - Libros 
930 |a Colección General 
905 |a 101 
901 |a 624920-10  |b IT1  |c ACC  |i C190985  |u 20251125 
902 |a https://opac.biblio.iteso.mx/vufind/Record/000624789